Česká regionální politika v období vstupu do Evropské unie

Salvato in:
Dettagli Bibliografici
Autore principale: Wokoun, René
Natura: Libro
Lingua:ceco
Pubblicazione: Praha Vysoká škola ekonomická v Praze. Nakladatelství Oeconomica 2003
Soggetti:
Tags: Aggiungi Tag
Nessun Tag, puoi essere il primo ad aggiungerne!!

MARC

LEADER 00000nam$a2200000$$$4500
001 0005181
005 20240226085137.9
020 |a 80-245-0517-7 
041 0 |a cze 
044 |a CZ 
245 1 0 |a Česká regionální politika v období vstupu do Evropské unie  |c René Wokoun 
264 1 |a Praha  |b Vysoká škola ekonomická v Praze. Nakladatelství Oeconomica  |c 2003 
300 |a 326 s. 
610 2 0 |a politika regionálna 
610 2 0 |a integrácia ekonomická medzinárodná 
610 2 0 |a reformy 
610 2 0 |a fondy štruktúrne 
610 2 0 |a regióny 
610 2 0 |a rozvoj hospodársky 
610 2 0 |a porovnanie medzinárodné 
610 2 0 |a legislatíva 
610 2 0 |a Česko 
610 2 0 |a Európa 
610 2 0 |a Európska únia 
100 1 |a Wokoun, René